书目信息 |
| 题名: |
企业财务报表分析
|
|
| 作者: | 刘国峰 , 马四海 主编 | |
| 分册: | ||
| 出版信息: | 北京 机械工业出版社 2010 |
|
| 页数: | 303页 | |
| 开本: | 26cm | |
| 丛书名: | ||
| 单 册: | ||
| 中图分类: | F275.2 | |
| 科图分类: | ||
| 主题词: | 企业--会计报表--会计分析--高等学校--教材 , 企业 , 会计报表 , 会计分析 | |
| 电子资源: | ||
| ISBN: | 978-7-111-28815-2 | |
| 000 | 01105nam0 2200301 450 | |
| 001 | 523 | |
| 005 | 20140909092451.85 | |
| 010 | @a978-7-111-28815-2@dCNY36.00 | |
| 100 | @a20100304d2010 em y0chiy50 ea | |
| 101 | 0 | @achi |
| 102 | @aCN@b110000 | |
| 105 | @ay z 000yy | |
| 106 | @ar | |
| 200 | 1 | @a企业财务报表分析@AQi Ye Cai Wu Bao Biao Fen Xi@dThe analysis of financial statements@f刘国峰,马四海主编@FLiu Guo Feng, Ma Si Hai Zhu Bian@zeng |
| 210 | @a北京@c机械工业出版社@d2010 | |
| 215 | @a303页@d26cm | |
| 300 | @a会计学专业新企业会计准则系列教材 | |
| 330 | @a本书内容包括:财务报表分析的理论基础、资产负债表分析、利润表分析、所有者权益变动表分析、财务报表附注分析、企业财务报表综合分析、财务报表分析案例等。 | |
| 510 | 1 | @aAnalysis of financial statements@zeng |
| 606 | 0 | @a企业@x会计报表@x会计分析@x高等学校@j教材 |
| 606 | 0 | @a企业 |
| 606 | 0 | @a会计报表 |
| 606 | 0 | @a会计分析 |
| 690 | @aF275.2@v5 | |
| 701 | 0 | @a刘国峰@ALiu Guo Feng@c(大学教师)@4主编 |
| 701 | 0 | @a马四海@AMa Si Hai@c(会计学)@4主编 |
| 801 | 0 | @aCN@bTANGWEI@c20140603 |
| 905 | @b0839296-98@dF275.2@e1100@f3 | |
| 企业财务报表分析=The analysis of financial statements/刘国峰,马四海主编.-北京:机械工业出版社,2010 |
| 303页;26cm |
| 会计学专业新企业会计准则系列教材 |
| ISBN 978-7-111-28815-2:CNY36.00 |
| 本书内容包括:财务报表分析的理论基础、资产负债表分析、利润表分析、所有者权益变动表分析、财务报表附注分析、企业财务报表综合分析、财务报表分析案例等。 |
| ● |
| 相关链接 |
|
|
|
|
正题名:企业财务报表分析
索取号:F275.2/1100
 
预约/预借
| 序号 | 登录号 | 条形码 | 馆藏地/架位号 | 状态 | 备注 |
| 1 | 0839296 | 208392960 | 第一样本阅览室/ [索取号:F275.2/1100] | 在馆 | |
| 2 | 0839297 | 208392979 | 第一借阅区/ [索取号:F275.2/1100] | 在馆 | |
| 3 | 0839298 | 208392988 | 密集书库-海洋学院/ [索取号:F275.2/1100] | 在馆 |